Match the Island to the Island Group - Statistics

General Stats
  • This quiz has been taken 39 times
  • The average score is 37 of 64
Answer Stats
Hint Answer % Correct
Baffin Canadian Arctic Archipelago
96%
Borneo Greater Sunda Islands
93%
Jersey Channel Islands
82%
Ibiza Balearic Islands
79%
Gran Canaria Canary Islands
79%
Jamaica Greater Antilles
79%
Kauai Hawaiian Islands
79%
Maui Hawaiian Islands
79%
Oahu Hawaiian Islands
79%
Hokkaido Japanese archipelago
79%
Honshu Japanese archipelago
79%
Kyushu Japanese archipelago
79%
Shikoku Japanese archipelago
79%
Mallorca Balearic Islands
75%
Menorca Balearic Islands
75%
Cuba Greater Antilles
75%
Saint Martin
Lesser Antilles: Leeward Islands
75%
Rhodes The Dodecanese
75%
Tenerife Canary Islands
71%
Guernsey Channel Islands
71%
Hispaniola Greater Antilles
71%
Puerto Rico Greater Antilles
71%
Sumatra Greater Sunda Islands
71%
Banks Canadian Arctic Archipelago
68%
Ellesmere Canadian Arctic Archipelago
68%
Key West Florida Keys
68%
Antigua Lesser Antilles: Leeward Islands
68%
Key Largo Florida Keys
64%
Java Greater Sunda Islands
64%
Molokai Hawaiian Islands
64%
Skye Hebrides
64%
Timor Lesser Sunda Islands
64%
Fuerteventura Canary Islands
57%
Bali Lesser Sunda Islands
57%
Kos The Dodecanese
57%
Patmos The Dodecanese
57%
São Miguel Azores
54%
Viti Levu Fiji
54%
Saint Kitts Lesser Antilles: Leeward Islands
54%
Vanua Levu Fiji
50%
Lanzarote Canary Islands
46%
Cebu Visayas
46%
Negros Visayas
46%
Victoria Canadian Arctic Archipelago
43%
Sulawesi Greater Sunda Islands
43%
Lewis and Harris Hebrides
43%
Dominica Lesser Antilles: Windward Islands
43%
Flores Lesser Sunda Islands
43%
Grenada Lesser Antilles: Windward Islands
39%
Saint Lucia Lesser Antilles: Windward Islands
39%
Saint Vincent Lesser Antilles: Windward Islands
39%
Panay Visayas
39%
Terceira Azores
36%
Islay Hebrides
36%
Pico Azores
32%
Unguja Zanzibar
32%
Formentera Balearic Islands
29%
Santiago Galápagos Islands
29%
Fernandina Galápagos Islands
25%
Santa Cruz Galápagos Islands
25%
New Providence The Bahamas
25%
Pemba Zanzibar
25%
Isabela Galápagos Islands
21%
San Salvador The Bahamas
11%
No matching quizzes found
Score Distribution
Percent of People with Each Score
Percentile by Number Answered
Your Score History
You have not taken this quiz